[Event "CAN-ch U20 U2100"]
[Site "Toronto CAN"]
[Date "2019.08.09"]
[Round "4.15"]
[White "Liu, Henry"]
[Black "Ramesh, Sanjay"]
[Result "1-0"]
[WhiteElo "1928"]
[BlackElo "1840"]
[PlyCount "71"]
[EventDate "2019.08.08"]
[EventType "swiss"]
[EventRounds "8"]
[EventCountry "CAN"]

1. c4 e5 2. g3 Nf6 3. Bg2 c6 4. e4 Bc5 5. Ne2 Ng4 6. d4 exd4 7. Nxd4 Qb6 8.
Qxg4 Bxd4 9. Qe2 d6 10. O-O Be6 11. Rd1 Nd7 12. Nc3 Bxc3 13. bxc3 Ne5 14. Rxd6
Qc5 15. Qd1 Nxc4 16. Rd4 O-O 17. Bf4 Rfe8 18. Rb1 Nb6 19. Bd6 Qa5 20. Bb4 Qxa2
21. Ra1 Qb3 22. Qc1 Bd7 23. Bc5 Qe6 24. Qd1 Qe5 25. Bxb6 Bg4 26. Qxg4 axb6 27.
Rad1 Qc5 28. Qf3 Ra3 29. Rd7 Rf8 30. R7d3 b5 31. Qe3 Qc4 32. Bf1 h6 33. Rc1 Re8
34. Rd7 Qxe4 35. Qxe4 Rxe4 36. Rd8+ 1-0

[Event "CAN-ch U20 U2100"]
[Site "Toronto CAN"]
[Date "2019.08.09"]
[Round "4.16"]
[White "Xu, Alex"]
[Black "Ajith, Aayush"]
[Result "0-1"]
[WhiteElo "1763"]
[BlackElo "1878"]
[PlyCount "92"]
[EventDate "2019.08.08"]
[EventType "swiss"]
[EventRounds "8"]
[EventCountry "CAN"]

1. e4 c5 2. Nf3 d6 3. d4 cxd4 4. Nxd4 Nf6 5. Nc3 a6 6. Be2 e5 7. Nf3 Be6 8. O-O
Be7 9. h3 h6 10. Be3 O-O 11. Qd2 Nbd7 12. Rad1 b5 13. a3 Rc8 14. Bd3 Qc7 15.
Rfe1 Rfd8 16. Nh2 Nc5 17. Kh1 d5 18. Bxc5 Bxc5 19. exd5 Nxd5 20. Ne4 Nf4 21.
Nxc5 Qxc5 22. Qe3 Qxe3 23. Rxe3 Bf5 24. g4 Bg6 25. Nf1 Nxd3 26. cxd3 e4 27. Rd2
Rxd3 28. Rexd3 exd3 29. Ng3 Rc2 30. Rxc2 dxc2 31. Ne2 Be4+ 32. Kg1 f5 33. gxf5
Bxf5 34. h4 Kf7 35. f3 Kf6 36. Kf2 g5 37. h5 Bd3 38. Nc1 Bc4 39. Ke3 Bf7 40.
Kd2 Bxh5 41. Kxc2 Bxf3 42. Kd2 h5 43. Ke3 Bb7 44. Ne2 h4 45. Ng1 g4 46. Kd3 h3
0-1

[Event "CAN-ch U20 U2100"]
[Site "Toronto CAN"]
[Date "2019.08.09"]
[Round "4.17"]
[White "Raninga, Aditya"]
[Black "Locham, Divjot"]
[Result "1-0"]
[WhiteElo "2044"]
[BlackElo "1708"]
[PlyCount "73"]
[EventDate "2019.08.08"]
[EventType "swiss"]
[EventRounds "8"]
[EventCountry "CAN"]

1. e4 e5 2. Bc4 Nc6 3. Nf3 Bc5 4. O-O Nf6 5. d4 Bxd4 6. Nxd4 Nxd4 7. Bg5 h6 8.
Bh4 g5 9. f4 d6 10. fxg5 Bg4 11. Qe1 Nxc2 12. Qf2 Nxa1 13. g6 fxg6 14. Bxf6 Rf8
15. Qh4 Qd7 16. Qxh6 Bh5 17. h3 Nc2 18. g4 Ne3 19. Qxe3 Bxg4 20. Qh6 Bh5 21.
Rf2 Qxh3 22. Nc3 Qg3+ 23. Kf1 Qh3+ 24. Ke1 Qg4 25. Kd2 Qg1 26. Rf1 Qd4+ 27. Bd3
Qb4 28. Qg7 Qxb2+ 29. Bc2 Rxf6 30. Qxf6 Kd7 31. Qf7+ Kc6 32. Qd5+ Kd7 33. Rf7+
Kd8 34. Qe6 Qxc2+ 35. Kxc2 Bd1+ 36. Kxd1 g5 37. Rf8# 1-0

[Event "CAN-ch U20 U2100"]
[Site "Toronto CAN"]
[Date "2019.08.09"]
[Round "4.18"]
[White "He, Matthew"]
[Black "Xie, Austin"]
[Result "1/2-1/2"]
[WhiteElo "1832"]
[BlackElo "1954"]
[PlyCount "56"]
[EventDate "2019.08.08"]
[EventType "swiss"]
[EventRounds "8"]
[EventCountry "CAN"]

1. d4 d5 2. c4 e6 3. Nc3 Nf6 4. cxd5 exd5 5. Bg5 c6 6. e3 Bf5 7. Bd3 Bxd3 8.
Qxd3 Nbd7 9. Nf3 Bd6 10. O-O O-O 11. Rab1 a5 12. Bf4 Qc7 13. Bxd6 Qxd6 14. Rfc1
Rfe8 15. Nd2 Nf8 16. Nf1 Ne6 17. Ng3 g6 18. Rc2 Nd7 19. Nce2 f5 20. Qd2 Nb6 21.
b3 a4 22. f4 Nf8 23. Nc1 Qe7 24. Kf2 Nfd7 25. Nd3 Qh4 26. Re1 Nf6 27. Kg1 Ng4
28. Nf1 axb3 1/2-1/2

[Event "CAN-ch U20 U2100"]
[Site "Toronto CAN"]
[Date "2019.08.09"]
[Round "4.19"]
[White "Xiao, Edward"]
[Black "Yang, Jingyun (Ryan)"]
[Result "0-1"]
[WhiteElo "1831"]
[BlackElo "1875"]
[PlyCount "90"]
[EventDate "2019.08.08"]
[EventType "swiss"]
[EventRounds "8"]
[EventCountry "CAN"]

1. d4 Nf6 2. c4 g6 3. Nc3 Bg7 4. e4 d6 5. Be2 Nbd7 6. Bg5 c5 7. d5 Qb6 8. Qd2
h6 9. Be3 Ne5 10. Nf3 Nfg4 11. Bf4 g5 12. Nxe5 Nxe5 13. Be3 Ng4 14. Bxg4 Bxg4
15. h3 Bh5 16. Rb1 Bg6 17. f3 f5 18. Ke2 O-O-O 19. exf5 Bxf5 20. Rbc1 Rhe8 21.
Bxg5 hxg5 22. Qxg5 Qxb2+ 23. Kd1 Bxc3 24. Qxf5+ e6 25. Qc2 Qxc2+ 26. Rxc2 Be5
27. g4 exd5 28. cxd5 Rf8 29. Rf2 Rf4 30. h4 Rdf8 31. Ke2 Bd4 32. Rff1 Re8+ 33.
Kd1 Re3 34. h5 Rexf3 35. Rxf3 Rxf3 36. h6 Rf4 37. g5 Rg4 38. Rh5 Kd7 39. Ke2
Ke7 40. Kf3 Rg1 41. Kf4 Kf7 42. Kf5 Rf1+ 43. Kg4 Kg6 44. h7 Rg1+ 45. Kf4 Kxh5
0-1

[Event "CAN-ch U20 U2100"]
[Site "Toronto CAN"]
[Date "2019.08.09"]
[Round "4.20"]
[White "Ning, Alwin"]
[Black "Qu, Edison"]
[Result "0-1"]
[WhiteElo "1969"]
[BlackElo "1591"]
[PlyCount "156"]
[EventDate "2019.08.08"]
[EventType "swiss"]
[EventRounds "8"]
[EventCountry "CAN"]

1. e4 c5 2. Nf3 g6 3. d4 cxd4 4. Nxd4 Nc6 5. c4 Bg7 6. Be3 Nh6 7. Be2 d6 8. h3
f5 9. Qd2 f4 10. Bxf4 Nxd4 11. Bxh6 Bxh6 12. Qxd4 O-O 13. O-O Be6 14. Nc3 Qd7
15. Nd5 Bg7 16. Qd2 Be5 17. f4 Bg7 18. Rf3 Bxd5 19. cxd5 Rac8 20. Rff1 Qa4 21.
Bd3 Rc5 22. b3 Qd4+ 23. Kh2 Rxf4 24. Rxf4 Qxa1 25. Rf1 Qd4 26. Qe2 Rc3 27. Bc4
Re3 28. Qg4 Bf6 29. Qc8+ Kg7 30. Qxb7 Qxe4 31. Qxa7 Rxh3+ 32. gxh3 Be5+ 33. Kg1
Bd4+ 34. Qxd4+ Qxd4+ 35. Kg2 Qb2+ 36. Rf2 Qa3 37. Kg3 h5 38. h4 Qc1 39. a4 g5
40. hxg5 Qxg5+ 41. Kh2 Qe5+ 42. Kg2 h4 43. Rf3 Qg5+ 44. Kh3 Kh6 45. a5 Kh5 46.
Be2 Kh6 47. Bc4 Qd2 48. a6 Qe1 49. Kg2 Qd2+ 50. Rf2 h3+ 51. Kg3 Qe1 52. Kf3
Qh1+ 53. Kg4 Qg1+ 54. Kf3 h2 55. Rxh2+ Qxh2 56. Ke3 Kg6 57. Kd3 Qa2 58. Kc3 Qa3
59. Bb5 Kf6 60. Bc4 Kf7 61. Kd4 Ke8 62. Kc3 Kd7 63. Kd4 Kc7 64. Kc3 Kb6 65. Kd4
Qc5+ 66. Ke4 Qf2 67. Kd3 Qf3+ 68. Kd4 Ka7 69. Bd3 e5+ 70. dxe6 Qf6+ 71. Kd5
Qe5+ 72. Kc6 Qxe6 73. b4 d5+ 74. Kc7 Qb6+ 75. Kd7 Qxb4 76. Ke6 Qb3 77. Bf1 d4+
78. Ke5 Qe3+ 0-1

[Event "CAN-ch U20 U2100"]
[Site "Toronto CAN"]
[Date "2019.08.09"]
[Round "4.21"]
[White "Sharma, Vishruth"]
[Black "Zhang, Brian"]
[Result "1-0"]
[WhiteElo "1758"]
[BlackElo "1526"]
[PlyCount "49"]
[EventDate "2019.08.08"]
[EventType "swiss"]
[EventRounds "8"]
[EventCountry "CAN"]

1. e4 c6 2. d4 d5 3. e5 Bf5 4. h4 e6 5. g4 Be4 6. f3 Bg6 7. h5 Ne7 8. hxg6 Nxg6
9. f4 Be7 10. Nf3 Nd7 11. Be3 Qa5+ 12. Qd2 Qc7 13. Bd3 O-O-O 14. c3 Kb8 15. Qc2
c5 16. Nbd2 c4 17. Be2 Rc8 18. Nf1 Ngf8 19. Kd2 b5 20. Ng3 g6 21. Rh2 Nb6 22.
Rah1 a6 23. Ng5 Bxg5 24. fxg5 b4 25. Rb1 1-0

[Event "CAN-ch U20 U2100"]
[Site "Toronto CAN"]
[Date "2019.08.10"]
[Round "5.10"]
[White "Huang, Ryan"]
[Black "Liu, Henry"]
[Result "1-0"]
[WhiteElo "1920"]
[BlackElo "1928"]
[PlyCount "81"]
[EventDate "2019.08.08"]
[EventType "swiss"]
[EventRounds "8"]
[EventCountry "CAN"]

1. d4 d5 2. c4 c6 3. Nf3 Bf5 4. Nc3 e6 5. Qb3 Qb6 6. c5 Qxb3 7. axb3 Na6 8. e4
Nb4 9. exf5 Nc2+ 10. Kd1 Nxa1 11. b4 exf5 12. b5 Nb3 13. bxc6 bxc6 14. Ba6 Ne7
15. Bf4 f6 16. h4 Kd7 17. Kc2 Ng6 18. Bh2 Nxc5 19. dxc5 Bxc5 20. b4 Bxb4 21.
Rb1 Bc5 22. Rb7+ Ke6 23. Ne2 Ne5 24. Nfd4+ Bxd4 25. Nxd4+ Kd6 26. Nxf5+ Kc5 27.
Bg1 Rab8 28. f4+ d4 29. Bxd4+ Kd5 30. fxe5 Rxb7 31. Bxb7 g6 32. exf6 gxf5 33.
Bc3 Rf8 34. Ba6 h6 35. Kd3 Rd8 36. Ke3 Ke6 37. Bc4+ Rd5 38. Kf4 a5 39. Bxd5+
cxd5 40. Bd4 a4 41. g4 1-0

[Event "CAN-ch U20 U2100"]
[Site "Toronto CAN"]
[Date "2019.08.10"]
[Round "5.11"]
[White "Ajith, Aayush"]
[Black "Raninga, Aditya"]
[Result "1-0"]
[WhiteElo "1878"]
[BlackElo "2044"]
[PlyCount "127"]
[EventDate "2019.08.08"]
[EventType "swiss"]
[EventRounds "8"]
[EventCountry "CAN"]

1. d4 Nf6 2. Nf3 d6 3. g3 c6 4. Bg2 Qc7 5. O-O e5 6. e4 Be7 7. Re1 Bg4 8. h3
Bh5 9. c4 Nbd7 10. b3 c5 11. dxc5 dxc5 12. Nc3 O-O-O 13. Qc2 Bxf3 14. Bxf3 Kb8
15. Bb2 h5 16. Rad1 h4 17. g4 a6 18. Nd5 Nxd5 19. exd5 Bd6 20. Be4 Rdg8 21. Kh1
g6 22. g5 Re8 23. Bf3 f5 24. gxf6 Nxf6 25. Be4 Qd7 26. Qd3 Nxe4 27. Rxe4 Qf5
28. Qe3 Rhf8 29. Rd2 Qh5 30. Kg2 Re7 31. f3 Kc8 32. Re2 Rf5 33. Rg4 Ref7 34.
Rf2 Rf4 35. Rxf4 Rxf4 36. Qe2 Qg5+ 37. Kf1 Qf5 38. Kg2 Qg5+ 39. Kf1 Rf5 40. Rg2
Qh5 41. Rg4 Qh6 42. Kg2 Kc7 43. Bc3 Kd7 44. Bd2 g5 45. Be3 Qf6 46. a3 b6 47.
Bd2 Ke7 48. Qe3 Kd7 49. Rxg5 Bf8 50. Rxf5 Qxf5 51. Qe4 Qf6 52. Qg4+ Kc7 53. Bg5
Qg7 54. Bxh4 Qh7 55. Qe4 Qg7+ 56. Bg3 Bd6 57. h4 b5 58. h5 Qh6 59. Qg6 Qd2+ 60.
Bf2 bxc4 61. bxc4 e4 62. Qxe4 Bf4 63. Qxf4+ Qxf4 64. Bg3 1-0

[Event "CAN-ch U20 U2100"]
[Site "Toronto CAN"]
[Date "2019.08.10"]
[Round "5.12"]
[White "Ning, Oswin"]
[Black "Ma, Yue Ran"]
[Result "0-1"]
[WhiteElo "1706"]
[BlackElo "1997"]
[PlyCount "98"]
[EventDate "2019.08.08"]
[EventType "swiss"]
[EventRounds "8"]
[EventCountry "CAN"]

1. e4 d5 2. exd5 Qxd5 3. Nc3 Qd6 4. Nf3 Nf6 5. g3 Bg4 6. Bg2 c6 7. d3 e6 8. Bf4
Qd8 9. Qd2 Bb4 10. O-O Nd5 11. a3 Bxc3 12. bxc3 Bxf3 13. Bxf3 O-O 14. Bxd5 cxd5
15. Bxb8 Rxb8 16. Qf4 Rc8 17. Qb4 Qc7 18. Rfc1 b6 19. Qa4 Qb7 20. Rab1 Rxc3 21.
Rb3 Rc7 22. Rb2 Rfc8 23. Rcb1 g6 24. Qb3 Rc3 25. Qa4 Qb8 26. Re1 R8c7 27. Re2
Qc8 28. Qf4 Rxa3 29. Qb4 Rac3 30. Qf4 R3c6 31. Ra2 b5 32. Rb2 a6 33. Ra2 Ra7
34. Re1 Qc7 35. Qd2 a5 36. Rea1 Rc3 37. Rb1 b4 38. Rbb2 Ra6 39. Rxb4 axb4 40.
Rxa6 Ra3 41. Rxa3 bxa3 42. Qb4 Qa7 43. Qb1 a2 44. Qa1 f6 45. Kg2 d4 46. Kh3 Kf8
47. Kh4 Qa4 48. f4 Qxc2 49. Qxd4 Qxh2+ 0-1

[Event "CAN-ch U20 U2100"]
[Site "Toronto CAN"]
[Date "2019.08.10"]
[Round "5.13"]
[White "Yuen, Noah"]
[Black "Chen, Richard"]
[Result "1/2-1/2"]
[WhiteElo "1785"]
[BlackElo "1852"]
[PlyCount "68"]
[EventDate "2019.08.08"]
[EventType "swiss"]
[EventRounds "8"]
[EventCountry "CAN"]

1. d4 Nf6 2. c4 g6 3. Nc3 Bg7 4. Bf4 O-O 5. Nf3 d6 6. e3 Nh5 7. Bg5 h6 8. Bh4
Nd7 9. Be2 c5 10. O-O b6 11. Ne4 Nhf6 12. Bxf6 Nxf6 13. Nc3 Bb7 14. d5 a6 15.
Rb1 Qc7 16. a4 Rab8 17. Qb3 Ba8 18. Qa3 Rfe8 19. b4 Nd7 20. b5 a5 21. Bd3 e6
22. e4 exd5 23. exd5 Re7 24. Rbe1 Rbe8 25. Rxe7 Rxe7 26. Re1 Qd8 27. Rxe7 Qxe7
28. Ne2 Ne5 29. Nxe5 Qxe5 30. g3 Bb7 31. Qc1 Bc8 32. f4 Qe7 33. Kf2 Bg4 34. Qe3
Qxe3+ 1/2-1/2

[Event "CAN-ch U20 U2100"]
[Site "Toronto CAN"]
[Date "2019.08.10"]
[Round "5.14"]
[White "Yang, Jingyun (Ryan)"]
[Black "Yang, Brian"]
[Result "0-1"]
[WhiteElo "1875"]
[BlackElo "1974"]
[PlyCount "70"]
[EventDate "2019.08.08"]
[EventType "swiss"]
[EventRounds "8"]
[EventCountry "CAN"]

1. d4 Nf6 2. c4 e6 3. Nc3 Bb4 4. Qc2 d5 5. c5 O-O 6. a3 Bxc3+ 7. Qxc3 Ne4 8.
Qc2 Nc6 9. Nf3 Qf6 10. e3 e5 11. Bb5 exd4 12. Bxc6 bxc6 13. exd4 Ba6 14. Be3
Rab8 15. Ne5 Qe6 16. Qa4 Bb5 17. Qc2 f6 18. Nf3 Rfe8 19. O-O-O Qc8 20. Bd2 Nxf2
21. Bf4 Nxh1 22. Rxh1 Re2 23. Qc3 Ba4 24. Nd2 Qe6 25. b4 Re1+ 26. Rxe1 Qxe1+
27. Kb2 Re8 28. Qh3 Qd1 29. Qf5 g6 30. Qd3 Re1 31. Qb1 Qe2 32. Qa2 g5 33. Bxg5
fxg5 34. Kc3 Qe3+ 35. Kb2 Qxd2# 0-1

[Event "CAN-ch U20 U2100"]
[Site "Toronto CAN"]
[Date "2019.08.10"]
[Round "5.15"]
[White "Ramesh, Sanjay"]
[Black "Xu, Alex"]
[Result "1-0"]
[WhiteElo "1840"]
[BlackElo "1763"]
[PlyCount "92"]
[EventDate "2019.08.08"]
[EventType "swiss"]
[EventRounds "8"]
[EventCountry "CAN"]

1. d4 Nf6 2. c4 g6 3. Nc3 Bg7 4. e4 d6 5. f3 O-O 6. Bd3 Nc6 7. Nge2 e5 8. d5
Ne7 9. Be3 Ne8 10. g4 f5 11. gxf5 gxf5 12. Qd2 f4 13. Bf2 Bh3 14. Rg1 Ng6 15.
Nc1 Kh8 16. Nb3 b6 17. O-O-O a6 18. Bf1 Bxf1 19. Rdxf1 Nf6 20. h4 Qd7 21. h5
Nxh5 22. Rg5 Nf6 23. Rh1 Kg8 24. Bh4 b5 25. c5 Rfb8 26. c6 Qf7 27. Na5 Rb6 28.
Qg2 b4 29. Bf2 bxc3 30. Bxb6 cxb6 31. Nc4 Qc7 32. bxc3 b5 33. Nb2 Qa5 34. Qh3
Qxc3+ 35. Kb1 Re8 36. Rc1 Qa5 37. c7 Ne7 38. Qe6+ Kf8 39. Rcg1 Ng6 40. c8=Q
Rxc8 41. Qxc8+ Ne8 42. Rf5+ Ke7 43. Qe6+ Kd8 44. Rc1 Ne7 45. Rf7 Bf6 46. Rc8+
Nxc8 1-0

[Event "CAN-ch U20 U2100"]
[Site "Toronto CAN"]
[Date "2019.08.10"]
[Round "5.16"]
[White "Xie, Austin"]
[Black "Sharma, Vishruth"]
[Result "1/2-1/2"]
[WhiteElo "1954"]
[BlackElo "1758"]
[PlyCount "91"]
[EventDate "2019.08.08"]
[EventType "swiss"]
[EventRounds "8"]
[EventCountry "CAN"]

1. e4 e5 2. Nf3 Nc6 3. Bc4 Nf6 4. d3 Be7 5. c3 O-O 6. O-O d6 7. h3 Na5 8. Bb5
a6 9. Ba4 b5 10. Bc2 c5 11. Nbd2 Nc6 12. Re1 Re8 13. Nf1 Bf8 14. Bg5 g6 15. Ne3
Be7 16. Nd2 Nh5 17. Bh6 Bf8 18. Bxf8 Rxf8 19. Nf3 Nf4 20. Bb3 Be6 21. Kh2 Qf6
22. Bxe6 fxe6 23. Ng4 Qg7 24. g3 Nh5 25. Kg2 Nf6 26. Ng5 Rae8 27. h4 h6 28. Nh3
Rf7 29. Rf1 Ref8 30. Ne3 d5 31. f3 c4 32. dxc4 dxe4 33. cxb5 exf3+ 34. Rxf3 Nd5
35. Nxd5 Rxf3 36. bxc6 exd5 37. Qxd5+ Kh7 38. Rh1 Qf7 39. Qxe5 Rg8 40. Nf4 Re8
41. Qd6 Ree3 42. c7 Rxg3+ 43. Kh2 Rh3+ 44. Kg2 Rhg3+ 45. Kf2 Rgf3+ 46. Kg2
1/2-1/2

[Event "CAN-ch U20 U2100"]
[Site "Toronto CAN"]
[Date "2019.09.10"]
[Round "5.17"]
[White "Locham, Divjot"]
[Black "He, Matthew"]
[Result "1/2-1/2"]
[WhiteElo "1708"]
[BlackElo "1832"]
[PlyCount "46"]
[EventDate "2019.08.08"]
[EventType "swiss"]
[EventRounds "8"]
[EventCountry "CAN"]

1. e4 c6 2. d4 d5 3. Nc3 dxe4 4. Nxe4 Bf5 5. Ng3 Bg6 6. N1e2 e6 7. Nf4 Bd6 8.
Nxg6 hxg6 9. Ne4 Nf6 10. Nxd6+ Qxd6 11. c3 Rxh2 12. Rxh2 Qxh2 13. Qf3 Qh5 14.
Qg3 Qd5 15. Be3 Ke7 16. c4 Qd6 17. Qxd6+ Kxd6 18. Bf4+ Kd7 19. Bd3 Na6 20. a3
c5 21. Be5 Rd8 22. Be2 Kc8 23. Rd1 b6 1/2-1/2

[Event "CAN-ch U20 U2100"]
[Site "Toronto CAN"]
[Date "2019.08.10"]
[Round "5.18"]
[White "Qu, Edison"]
[Black "Xiao, Edward"]
[Result "1/2-1/2"]
[WhiteElo "1591"]
[BlackElo "1831"]
[PlyCount "30"]
[EventDate "2019.08.08"]
[EventType "swiss"]
[EventRounds "8"]
[EventCountry "CAN"]

1. e4 c5 2. d4 cxd4 3. c3 Nf6 4. e5 Nd5 5. cxd4 d6 6. Bc4 Nb6 7. Bb5+ Bd7 8.
Bxd7+ Qxd7 9. Nf3 Nc6 10. exd6 e6 11. O-O Bxd6 12. Nc3 O-O 13. Be3 Be7 14. Qe2
Nd5 15. Rfd1 Rfd8 1/2-1/2

[Event "CAN-ch U20 U2100"]
[Site "Toronto CAN"]
[Date "2019.08.10"]
[Round "6.10"]
[White "Yang, Brian"]
[Black "Huang, Ryan"]
[Result "1-0"]
[WhiteElo "1974"]
[BlackElo "1920"]
[PlyCount "69"]
[EventDate "2019.08.08"]
[EventType "swiss"]
[EventRounds "8"]
[EventCountry "CAN"]

1. e4 c5 2. Nf3 Nc6 3. d4 cxd4 4. Nxd4 g6 5. c4 Bg7 6. Be3 Nf6 7. Nc3 O-O 8.
Be2 d6 9. O-O Bd7 10. Qd2 Nxd4 11. Bxd4 Bc6 12. f3 Qa5 13. a3 Nd7 14. Bxg7 Kxg7
15. b4 Qb6+ 16. c5 dxc5 17. b5 c4+ 18. Kh1 Nc5 19. bxc6 Nb3 20. Qb2 Nxa1 21.
Qxa1 Qxc6 22. Nd5+ f6 23. Nxe7 Qd6 24. Nd5 b5 25. f4 Rfe8 26. Qd4 a6 27. g4
Rad8 28. Bf3 Qxa3 29. Qxf6+ Kg8 30. f5 Qd3 31. Bg2 Rxd5 32. exd5 c3 33. fxg6
Qxg6 34. Qxc3 Qxg4 35. Rg1 1-0

[Event "CAN-ch U20 U2100"]
[Site "Toronto CAN"]
[Date "2019.08.10"]
[Round "6.11"]
[White "Ma, Yue Ran"]
[Black "Ajith, Aayush"]
[Result "1-0"]
[WhiteElo "1997"]
[BlackElo "1878"]
[PlyCount "67"]
[EventDate "2019.08.08"]
[EventType "swiss"]
[EventRounds "8"]
[EventCountry "CAN"]

1. e4 c5 2. Nf3 d6 3. d4 cxd4 4. Nxd4 Nf6 5. Nc3 a6 6. Be2 e5 7. Nb3 Be6 8. O-O
Be7 9. f4 exf4 10. Nd4 Bd7 11. Bxf4 Nc6 12. Nxc6 Bxc6 13. Qd3 b5 14. Rad1 Qb6+
15. Kh1 Rd8 16. Nd5 Bxd5 17. exd5 O-O 18. Qh3 Nd7 19. Bd3 g6 20. Bh6 Rfe8 21.
Rxf7 Bf6 22. Be3 Bg7 23. Bxb6 Nxb6 24. Qf3 Rf8 25. Rf1 Nd7 26. Rxf8+ Rxf8 27.
Qh3 Nf6 28. Qe6+ Kh8 29. Qxd6 Rg8 30. Rxf6 Bxf6 31. Qxf6+ Rg7 32. d6 Kg8 33.
Qxg7+ Kxg7 34. d7 1-0

[Event "CAN-ch U20 U2100"]
[Site "Toronto CAN"]
[Date "2019.08.10"]
[Round "6.12"]
[White "Liu, Henry"]
[Black "Chen, Richard"]
[Result "1-0"]
[WhiteElo "1928"]
[BlackElo "1862"]
[PlyCount "81"]
[EventDate "2019.08.08"]
[EventType "swiss"]
[EventRounds "8"]
[EventCountry "CAN"]

1. c4 Nf6 2. g3 g6 3. Bg2 Bg7 4. Nc3 O-O 5. Nf3 d5 6. cxd5 Nxd5 7. O-O Nc6 8.
d4 Bg4 9. e3 e6 10. h3 Bxf3 11. Bxf3 Nce7 12. e4 Nxc3 13. bxc3 b6 14. Ba3 Re8
15. Rc1 Qd7 16. Qc2 Nc6 17. Rfd1 Bf8 18. Bxf8 Kxf8 19. Qd2 Rad8 20. Qf4 Qe7 21.
e5 Na5 22. h4 h5 23. Kh2 Kg8 24. Rg1 c5 25. Kh3 Rc8 26. g4 hxg4+ 27. Rxg4 Kg7
28. Be4 cxd4 29. Rcg1 Rxc3+ 30. f3 Rh8 31. Bxg6 Kf8 32. Bh7 Ke8 33. Rg8+ Rxg8
34. Rxg8+ Kd7 35. Qxd4+ Kc7 36. Qxc3+ Nc6 37. Be4 Qd7 38. Bxc6 Qxc6 39. Rc8+
Kxc8 40. Qxc6+ Kb8 41. h5 1-0

[Event "CAN-ch U20 U2100"]
[Site "Toronto CAN"]
[Date "2019.08.10"]
[Round "6.13"]
[White "Ramesh, Sanjay"]
[Black "Yuen, Noah"]
[Result "1/2-1/2"]
[WhiteElo "1840"]
[BlackElo "1785"]
[PlyCount "30"]
[EventDate "2019.08.08"]
[EventType "swiss"]
[EventRounds "8"]
[EventCountry "CAN"]

1. d4 d5 2. c4 dxc4 3. e3 Nf6 4. Bxc4 e6 5. Nc3 a6 6. Nf3 b5 7. Bd3 Bb7 8. O-O
c5 9. dxc5 Bxc5 10. a3 O-O 11. b4 Be7 12. Bb2 Nc6 13. Qe2 Qb6 14. Rac1 Rac8 15.
Rfd1 Rfd8 1/2-1/2

[Event "CAN-ch U20 U2100"]
[Site "Toronto CAN"]
[Date "2019.08.10"]
[Round "6.14"]
[White "Raninga, Aditya"]
[Black "Ning, Oswin"]
[Result "1-0"]
[WhiteElo "2044"]
[BlackElo "1706"]
[PlyCount "39"]
[EventDate "2019.08.08"]
[EventType "swiss"]
[EventRounds "8"]
[EventCountry "CAN"]

1. e4 e5 2. Bc4 Nc6 3. Nc3 Nf6 4. d3 Bc5 5. f4 exf4 6. Bxf4 d6 7. Qd2 Be6 8.
Bb3 Bxb3 9. axb3 O-O 10. Bg5 Nb8 11. Nge2 Nbd7 12. d4 Bb4 13. Qd3 Qe8 14. O-O
c6 15. Ng3 c5 16. Bxf6 Nxf6 17. Rxf6 gxf6 18. Nh5 Kh8 19. Nxf6 Qe6 20. e5 1-0

[Event "CAN-ch U20 U2100"]
[Site "Toronto CAN"]
[Date "2019.08.10"]
[Round "6.15"]
[White "Xie, Austin"]
[Black "Qu, Edison"]
[Result "0-1"]
[WhiteElo "1954"]
[BlackElo "1591"]
[PlyCount "88"]
[EventDate "2019.08.08"]
[EventType "swiss"]
[EventRounds "8"]
[EventCountry "CAN"]

1. e4 c5 2. Nc3 g6 3. f4 Bg7 4. Nf3 e6 5. g3 Ne7 6. Bg2 O-O 7. O-O d5 8. d3 d4
9. Ne2 Nd7 10. Nh4 f5 11. h3 Rb8 12. g4 Nc6 13. Nf3 Nf6 14. gxf5 gxf5 15. Ng3
h6 16. Kh2 b5 17. Rg1 Kh8 18. Nh4 Ng4+ 19. hxg4 Qxh4+ 20. Bh3 fxe4 21. Nxe4 c4
22. a3 Bb7 23. Qe1 Qe7 24. Bd2 Rf7 25. Qe2 Rbf8 26. dxc4 bxc4 27. Qxc4 Ne5 28.
Qe2 Rxf4 29. Bxf4 Rxf4 30. Nd2 Nf3+ 31. Nxf3 Rxf3 32. Rg3 Qd6 33. Rag1 Be5 34.
Qe1 Qd5 35. R1g2 Rxg3 36. Rxg3 Bxg3+ 37. Kxg3 Qf3+ 38. Kh4 Qf6+ 39. Kg3 e5 40.
Qb4 Qf4+ 41. Kh4 Bd5 42. Qb8+ Kg7 43. Qc7+ Bf7 44. Bg2 Qh2+ 0-1

[Event "CAN-ch U20 U2100"]
[Site "Toronto CAN"]
[Date "2019.08.10"]
[Round "6.16"]
[White "Sharma, Vishruth"]
[Black "Yang, Jingyun (Ryan)"]
[Result "1-0"]
[WhiteElo "1758"]
[BlackElo "1875"]
[PlyCount "83"]
[EventDate "2019.08.08"]
[EventType "swiss"]
[EventRounds "8"]
[EventCountry "CAN"]

1. e4 e5 2. Nf3 Nc6 3. Bb5 a6 4. Ba4 Bc5 5. O-O Nf6 6. Bxc6 dxc6 7. Nxe5 O-O 8.
d3 Re8 9. Nc4 Bg4 10. Qe1 Qd7 11. Be3 Bf8 12. Nc3 b5 13. Nd2 c5 14. f4 g6 15.
e5 Nd5 16. Nde4 Kh8 17. Nxd5 Qxd5 18. Qh4 Bh5 19. g4 Be7 20. Qh3 c4 21. gxh5
cxd3 22. hxg6 fxg6 23. Nc3 Qc4 24. cxd3 Qxd3 25. Rad1 Qc4 26. Rd7 h5 27. Qg2 b4
28. Nd5 Qd3 29. Kh1 Bh4 30. Nf6 Qxf1+ 31. Qxf1 Bxf6 32. exf6 Rxe3 33. Qc1 Rae8
34. Qxc7 Re1+ 35. Kg2 R8e2+ 36. Kg3 Rg1+ 37. Kf3 Rgg2 38. Rh7+ Kg8 39. f7+ Kxh7
40. f8=R+ Re7 41. Qxe7+ Kh6 42. Rh8# 1-0

[Event "CAN-ch U20 U2100"]
[Site "Toronto CAN"]
[Date "2019.08.10"]
[Round "6.17"]
[White "Xu, Alex"]
[Black "He, Matthew"]
[Result "1/2-1/2"]
[WhiteElo "1763"]
[BlackElo "1832"]
[PlyCount "71"]
[EventDate "2019.08.08"]
[EventType "swiss"]
[EventRounds "8"]
[EventCountry "CAN"]

1. e4 c6 2. d4 d5 3. Nd2 dxe4 4. Nxe4 Bf5 5. Ng3 Bg6 6. Nf3 Nd7 7. h4 h6 8. h5
Bh7 9. Bd3 Bxd3 10. Qxd3 e6 11. Bf4 Bb4+ 12. c3 Be7 13. O-O Ngf6 14. b4 a5 15.
a3 Nd5 16. Be3 axb4 17. axb4 O-O 18. Nd2 N7f6 19. Nde4 b5 20. Nxf6+ Nxf6 21.
Qe2 Bd6 22. Qf3 Bxg3 23. fxg3 Qd5 24. Qxd5 Nxd5 25. Bd2 Rxa1 26. Rxa1 Nf6 27.
Ra7 Rc8 28. Bf4 Nxh5 29. Be5 Nf6 30. Bxf6 gxf6 31. Kf2 Rd8 32. Ke3 Rc8 33. Ke4
Kg7 34. Kf4 h5 35. Ke4 Kg6 36. Kf4 1/2-1/2

[Event "CAN-ch U20 U2100"]
[Site "Toronto CAN"]
[Date "2019.08.10"]
[Round "6.18"]
[White "Zhang, Brian"]
[Black "Locham, Divjot"]
[Result "1/2-1/2"]
[WhiteElo "1526"]
[BlackElo "1708"]
[PlyCount "52"]
[EventDate "2019.08.08"]
[EventType "swiss"]
[EventRounds "8"]
[EventCountry "CAN"]

1. e4 e5 2. Nf3 Nc6 3. Bc4 Bc5 4. b4 Bxb4 5. c3 Be7 6. d4 exd4 7. cxd4 Bb4+ 8.
Bd2 Bxd2+ 9. Qxd2 d6 10. Ng5 Nh6 11. O-O Qf6 12. Nf3 O-O 13. Nc3 Bg4 14. Rad1
Bxf3 15. gxf3 Qxf3 16. Rfe1 Ng4 17. Bf1 Qf6 18. h3 Nh6 19. Bg2 Rfe8 20. Nd5 Qd8
21. Re3 Ne7 22. Nf6+ gxf6 23. Rg3+ Ng4 24. Rxg4+ Kh8 25. Qh6 Ng6 26. h4 Rg8
1/2-1/2

[Event "CAN-ch U20 U2100"]
[Site "Toronto CAN"]
[Date "2019.08.11"]
[Round "7.11"]
[White "Huang, Ryan"]
[Black "Ma, Yue Ran"]
[Result "1-0"]
[WhiteElo "1920"]
[BlackElo "1997"]
[PlyCount "51"]
[EventDate "2019.08.08"]
[EventType "swiss"]
[EventRounds "8"]
[EventCountry "CAN"]

1. d4 d5 2. c4 c6 3. Nf3 Nf6 4. Nc3 dxc4 5. a4 Bf5 6. e3 e6 7. Bxc4 Bb4 8. O-O
O-O 9. Qe2 Nbd7 10. Rd1 Bg6 11. h3 Rc8 12. Bd2 Qc7 13. Rac1 Rfd8 14. Be1 Qb8
15. Nh4 c5 16. Nxg6 hxg6 17. d5 exd5 18. Bxd5 Bxc3 19. Bxc3 Nb6 20. Ba2 Qc7 21.
Qf3 Nxa4 22. Bxf6 gxf6 23. Rxd8+ Qxd8 24. Qg4 Nxb2 25. Qxg6+ Kf8 26. Qxf7# 1-0